00402nam a2200109Ia 4500008004100000082002100041100001900062245003500081260004400116300000900160650012300169211119s9999||||xx |||||||||||||| ||und|| a894.812 4bKAR-J aKarassery, M N 0aJathiyekkal Kattiyulla Raktham bSahithya Pravarthaka...aKottayamc2009 a113p aLiterature & rhetoricv Literatures of other languagesAltaic, Uralic, Hyperborean & Dravidian MalayalamxGeneral Stack